| 000 | 00523nam a2200193Ia 4500 | ||
|---|---|---|---|
| 999 |
_c34637 _d34637 |
||
| 003 | OSt | ||
| 005 | 20200904120247.0 | ||
| 008 | 190216s9999||||xx |||||||||||||| ||und|| | ||
| 020 | _a9789351400240 | ||
| 040 | _coclc | ||
| 082 |
_a530.12 _bPRA/Q |
||
| 100 |
_aPrakash, Satya _94155 |
||
| 245 | 0 |
_aQuantum Mechanics / _cSatya Prakash |
|
| 250 | _a7th Ed. | ||
| 260 |
_bPragati Prakashan, _aMeerut: _c2013. |
||
| 300 | _a256p | ||
| 650 | _aPhysics | ||
| 942 |
_cBK _2ddc _h530.12 _iPRA/Q _k530.12 _mPRA/Q |
||